书目信息 |
| 题名: |
女人40美丽健康书
|
|
| 作者: | 倪薇薇 著 | |
| 分册: | ||
| 出版信息: | 北京 中国画报出版社 2009 |
|
| 页数: | 265页 | |
| 开本: | 24cm | |
| 丛书名: | ||
| 单 册: | ||
| 中图分类: | B825-49 , R173-49 | |
| 科图分类: | ||
| 主题词: | 中年人--女性--修养--通俗读物 , 中年人--女性--保健--通俗读物 , 中年人 , 女性 , 修养 , 保健 | |
| 电子资源: | ||
| ISBN: | 978-7-80220-236-8 | |
| 000 | 01047nam0 2200313 45 | |
| 001 | 1050806562 | |
| 005 | 20100415104333.93 | |
| 010 | @a978-7-80220-236-8@dCNY32.00 | |
| 100 | @a20100408d2009 em y0chiy50 ea | |
| 101 | 0 | @achi |
| 102 | @aCN@b110000 | |
| 105 | @aa z 000yy | |
| 106 | @ar | |
| 200 | 1 | @a女人40美丽健康书@ANu^ Ren 40 Mei Li Jian Kang Shu@f倪薇薇著@FNi Wei Wei Zhu |
| 205 | @a2版 | |
| 210 | @a北京@c中国画报出版社@d2009 | |
| 215 | @a265页@c彩照@d24cm | |
| 330 | @a四十几岁的女人多了一份从容和自信,多了一份优雅与自主,学会了欣赏自己,学会了犒劳自己,对家人,对同事,对自己的心灵更有一种体谅的态度。本书从多方面阐述了四十几岁的女人,究竟应该以怎样一种姿态生活。 | |
| 606 | 0 | @a中年人@x女性@x修养@j通俗读物 |
| 606 | 0 | @a中年人@x女性@x保健@j通俗读物 |
| 606 | 0 | @a中年人 |
| 606 | 0 | @a女性 |
| 606 | 0 | @a修养 |
| 606 | 0 | @a保健 |
| 690 | @aB825-49@v4 | |
| 690 | @aR173-49@v4 | |
| 701 | 0 | @a倪薇薇@ANi Wei Wei@g(女, Vivian, Ngai)@4著 |
| 801 | 0 | @aCN@bTANGWEI@c20100415 |
| 905 | @b0590686-90@dB825-49@e390=2@f5 | |
| 女人40美丽健康书/倪薇薇著.-2版.-北京:中国画报出版社,2009 |
| 265页:彩照;24cm |
| ISBN 978-7-80220-236-8:CNY32.00 |
| 四十几岁的女人多了一份从容和自信,多了一份优雅与自主,学会了欣赏自己,学会了犒劳自己,对家人,对同事,对自己的心灵更有一种体谅的态度。本书从多方面阐述了四十几岁的女人,究竟应该以怎样一种姿态生活。 |
| ● |
| 相关链接 |
|
|
|
|
正题名:女人40美丽健康书
索取号:B825-49/390=2
 
预约/预借
| 序号 | 登录号 | 条形码 | 馆藏地/架位号 | 状态 | 备注 |
| 1 | 0590686 | 205906867 | 第一样本阅览室/ [索取号:B825-49/390=2] | 在馆 | |
| 2 | 0590687 | 205906876 | 第一借阅区/ [索取号:B825-49/390=2] | 在馆 | |
| 3 | 0590688 | 205906885 | 第一借阅区/ [索取号:B825-49/390=2] | 在馆 | |
| 4 | 0590689 | 205906894 | 第一借阅区/ [索取号:B825-49/390=2] | 在馆 | |
| 5 | 0590690 | 205906901 | 第一借阅区/ [索取号:B825-49/390=2] | 在馆 |